| 000 | 00676nam a2200229Ia 4500 | ||
|---|---|---|---|
| 003 | OSt | ||
| 005 | 20240319143703.0 | ||
| 008 | 210210b2011 xxu||||| |||| 00| 0 eng d | ||
| 040 | _cAL | ||
| 041 | _aKannada | ||
| 082 | _aK894.9 GIRS | ||
| 100 |
_aGIRADDI GOVINDARAJA _dಗಿರಡ್ಡಿ ಗೋವಿಂದರಾಜ _9155402 |
||
| 245 |
_aSahitya mattu parampare _bಸಾಹಿತ್ಯ ಮತ್ತು ಪರಂಪರೆ |
||
| 260 |
_aBengaLUru _bHemanta Sahitya _c2011 |
||
| 300 | _avi,144 | ||
| 650 |
_aSAhitya _9155403 |
||
| 650 |
_aparampare _9155404 |
||
| 650 |
_amattu _9155405 |
||
| 690 |
_aKannada Criticism _9155406 |
||
| 906 | _a068284 | ||
| 942 |
_2ddc _cBK |
||
| 999 |
_c152682 _d152682 |
||